00663cam a2200217Ia 4500020001500000020001800015020004200033020004500075040000800120082002600128100001800154245004400172260004300216300006100259500001900320650001200339650001800351650001200369700002500381710003900406 a0028232194 a9780028232195 a0028233875 (teacher's wraparound ed.) a9780028233871 (teacher's wraparound ed.) cGAC a909 GLE 1997 A103 Or.1 aFarah, Mounir10aWorld history :bthe human experience / aNew York :bGlencoe/McGraw-Hill,c1997 axvi, 33, 1088 p. :bill. (some col.), col. maps ;c29 cm aIncludes index 0aHistory 0aWorld history 4aCurmats1 aKarls, Andrea Berens2 aNational Geographic Society (U.S.)